000 00606nam a2200181Ia 4500
003 GCL
008 140319s9999 xx 000 0 ara d
040 _aGCL /
_cGCL
082 0 4 _a382.104
_bد ن
100 1 _aدومنيك سالفاتور
245 1 0 _aنظريات ومسائل فى الاقتصاد الدولى /
_cدومنيك سالفاتور
260 _a[S.N] :
_bالدار الدولية للنشر والتوزيع ،
_c1992
300 _a251 ص
490 _aسلسلة ملخصات شوم
_v0
650 0 4 _aالاقتصاد
650 0 4 _aالاقتصاد الدولى
942 _2ddc
_cBK
999 _c31728
_d31728